[Event "ACT-ch"]
[Site "Canberra"]
[Date "2015.03.08"]
[Round "4"]
[White "Cunningham, Campbell"]
[Black "Bruer, Matthew"]
[Result "0-1"]
[WhiteElo "1124"]
[BlackElo "833"]
[PlyCount "88"]
[EventDate "2015.03.06"]
[EventType "swiss"]
[EventRounds "7"]
[EventCountry "AUS"]
[SourceTitle "CBM 165 Extra"]
[Source "ChessBase"]
[SourceDate "2015.04.21"]
[SourceVersion "1"]
[SourceVersionDate "2015.04.21"]
[SourceQuality "1"]

1. e4 c6 2. Nc3 d5 3. Qf3 d4 4. Bc4 Nf6 5. e5 dxc3 6. exf6 cxd2+ 7. Bxd2 exf6 8. 0-0-0 Bc5 9. Bxf7+ Kxf7 10. Qh5+ g6 11. Qxc5 Re8 12. Be3 Qb6 13. Qc3 Qc7 14. Ne2 Be6 15. a3 Nd7 16. Bf4 Qb6 17. Nd4 Rad8 18. Rhe1 Nf8 19. g3 c5 20. Nxe6 Rxe6 21. Rxd8 Qxd8 22. Rd1 Qe7 23. Qc4 Kg7 24. Bd6 Rxd6 25. Qf1 Rxd1+ 26. Qxd1 Qd7 27. Qf3 Qc6 28. Qe2 Qh1+ 29. Kd2 Qd5+ 30. Kc1 Ne6 31. c4 Qg5+ 32. f4 Nxf4 33. Qe7+ Kh6 34. gxf4 Qxf4+ 35. Kd1 Qd4+ 36. Kc2 Qxc4+ 37. Kb1 f5 38. Qe3+ Kh5 39. Qf3+ Qg4 40. Qxb7 Qe4+ 41. Qxe4 fxe4 42. Kc2 Kg4 43. Kd2 Kf3 44. h4 Kf2 0-1

[Event "ACT-ch"]
[Site "Canberra"]
[Date "2015.03.07"]
[Round "3"]
[White "Bruer, Matthew"]
[Black "Badrinarayan, Siddhant"]
[Result "1-0"]
[WhiteElo "833"]
[BlackElo "894"]
[PlyCount "73"]
[EventDate "2015.03.06"]
[EventType "swiss"]
[EventRounds "7"]
[EventCountry "AUS"]
[SourceTitle "CBM 165 Extra"]
[Source "ChessBase"]
[SourceDate "2015.04.21"]
[SourceVersion "1"]
[SourceVersionDate "2015.04.21"]
[SourceQuality "1"]

1. e4 e5 2. Nf3 Nc6 3. Bc4 Bc5 4. b4 Bxb4 5. c3 Bc5 6. d4 exd4 7. cxd4 Bb4+ 8. Bd2 Bxd2+ 9. Nbxd2 d6 10. 0-0 Nge7 11. Ng5 0-0 12. Qh5 h6 13. Nxf7 Rxf7 14. Bxf7+ Kh8 15. Nf3 Ng8 16. Bxg8 Kxg8 17. Qd5+ Kh8 18. Rfe1 Nb4 19. Ne5 Qe7 20. Ng6+ Kh7 21. Nxe7 Nxd5 22. Nxd5 c6 23. Nc7 Rb8 24. e5 dxe5 25. dxe5 Bf5 26. e6 Rc8 27. e7 Bg6 28. e8Q Bxe8 29. Nxe8 Rd8 30. Rad1 Rc8 31. Rd7 c5 32. Rc7 Rd8 33. h3 b6 34. Ree7 h5 35. Rxg7+ Kh6 36. Rc6+ Rd6 37. Rxd6# 1-0

[Event "ACT-ch"]
[Site "Canberra"]
[Date "2014.03.30"]
[Round "9"]
[White "Bruer, Matthew"]
[Black "Badrinarayan, Siddhant"]
[Result "0-1"]
[WhiteElo "761"]
[BlackElo "732"]
[PlyCount "58"]
[EventDate "2014.03.21"]
[EventType "swiss"]
[EventRounds "9"]
[EventCountry "AUS"]
[SourceTitle "CBM 159 Extra"]
[Source "ChessBase"]
[SourceDate "2014.04.24"]
[SourceVersion "1"]
[SourceVersionDate "2014.04.24"]
[SourceQuality "1"]

1. e4 e5 2. Nf3 Nc6 3. Nc3 Nf6 4. Bc4 Bc5 5. d3 0-0 6. 0-0 Be7 7. Bg5 d6 8. Bd5 Nxd5 9. Nxd5 Bxg5 10. Nxg5 Qxg5 11. Qf3 Qd8 12. Rfe1 Ne7 13. Nf6+ gxf6 14. Re3 Ng6 15. Qh5 Kg7 16. g4 Qd7 17. Rg3 Nf4 18. Qh4 Ne2+ 19. Kg2 Nxg3 20. hxg3 Qxg4 21. Qh2 Rg8 22. Rh1 Rh8 23. Qh6+ Kg8 24. Qxf6 Qg6 25. Qd8+ Kg7 26. Qxc7 b6 27. Qc6 a5 28. f3 Ra6 29. Qc4 Qe6 0-1

[Event "ACT-ch"]
[Site "Canberra"]
[Date "2014.03.23"]
[Round "4"]
[White "Gardiner Garden, Aelfric"]
[Black "Bruer, Matthew"]
[Result "1-0"]
[WhiteElo "1580"]
[BlackElo "761"]
[PlyCount "47"]
[EventDate "2014.03.21"]
[EventType "swiss"]
[EventRounds "9"]
[EventCountry "AUS"]
[SourceTitle "CBM 159 Extra"]
[Source "ChessBase"]
[SourceDate "2014.04.24"]
[SourceVersion "1"]
[SourceVersionDate "2014.04.24"]
[SourceQuality "1"]

1. d4 c5 2. d5 Nf6 3. c4 d6 4. Nc3 e5 5. e4 Qa5 6. f3 Be7 7. Nge2 0-0 8. g4 Nxe4 9. fxe4 Bxg4 10. Qd3 Bxe2 11. Bxe2 Bh4+ 12. Kd1 Bf6 13. Rg1 Nd7 14. Bh6 Rfe8 15. Rxg7+ Bxg7 16. Qg3 Kf8 17. Qxg7+ Ke7 18. Bg5+ Nf6 19. Bxf6+ Kd7 20. Qxf7+ Kc8 21. Bg4+ Re6 22. Bxe6+ Kb8 23. Qe8+ Qd8 24. Qxd8# 1-0

[Event "ACT-ch"]
[Site "Canberra"]
[Date "2014.03.22"]
[Round "3"]
[White "Bruer, Matthew"]
[Black "Van den Hoff, Damien"]
[Result "0-1"]
[WhiteElo "761"]
[BlackElo "1440"]
[PlyCount "62"]
[EventDate "2014.03.21"]
[EventType "swiss"]
[EventRounds "9"]
[EventCountry "AUS"]
[SourceTitle "CBM 159 Extra"]
[Source "ChessBase"]
[SourceDate "2014.04.24"]
[SourceVersion "1"]
[SourceVersionDate "2014.04.24"]
[SourceQuality "1"]

1. h3 d5 2. c4 e5 3. e3 Nc6 4. d4 exd4 5. exd4 Bb4+ 6. Nc3 Nge7 7. c5 b6 8. Bg5 bxc5 9. Bb5 Bb7 10. Qe2 cxd4 11. Qxe7+ Qxe7+ 12. Bxe7 Kxe7 13. Bxc6 Bxc6 14. a3 Ba5 15. b4 dxc3 16. bxa5 Rab8 17. Nf3 Bb5 18. Rb1 Kd6 19. Nd4 Rhe8+ 20. Kd1 Ba4+ 21. Kc1 Rxb1+ 22. Kxb1 c5 23. Nf5+ Kc6 24. Ka1 g6 25. Ne3 d4 26. Nc4 Bb3 27. Nb2 cxb2+ 28. Kxb2 c4 29. a4 Re2+ 30. Ka3 Kc5 31. Ra1 d3 0-1